ABC of medical computing / (Record no. 4988)

MARC details
000 -LEADER
fixed length control field 00576nam a22002057a 4500
003 - CONTROL NUMBER IDENTIFIER
control field OSt
005 - DATE AND TIME OF LATEST TRANSACTION
control field 20160815185055.0
008 - FIXED-LENGTH DATA ELEMENTS--GENERAL INFORMATION
fixed length control field 160815b xxu||||| |||| 00| 0 eng d
020 ## - INTERNATIONAL STANDARD BOOK NUMBER
International Standard Book Number 0727910469
040 ## - CATALOGING SOURCE
Transcribing agency 040a
082 ## - DEWEY DECIMAL CLASSIFICATION NUMBER
Classification number WB 50
Item number L51a 1996
100 ## - MAIN ENTRY--PERSONAL NAME
Personal name Lee, Nicholas
9 (RLIN) 10674
245 ## - TITLE STATEMENT
Title ABC of medical computing /
Statement of responsibility, etc. Nicholas Lee, Andrew Millman
260 ## - PUBLICATION, DISTRIBUTION, ETC. (IMPRINT)
Place of publication, distribution, etc. London
Name of publisher, distributor, etc. BMJ publishing group
Date of publication, distribution, etc. 1996
300 ## - PHYSICAL DESCRIPTION
Extent viii, 93p;
Other physical details col.ill :
Dimensions 30 cm
504 ## - BIBLIOGRAPHY, ETC. NOTE
Bibliography, etc Includes index
650 ## - SUBJECT ADDED ENTRY--TOPICAL TERM
Topical term or geographic name as entry element Medical computing
9 (RLIN) 10675
700 ## - ADDED ENTRY--PERSONAL NAME
Personal name Millman, Andrew
9 (RLIN) 10676
942 ## - ADDED ENTRY ELEMENTS (KOHA)
Source of classification or shelving scheme Other/Generic Classification Scheme
Koha item type Open Shelf
Holdings
Withdrawn status Lost status Source of classification or shelving scheme Damaged status Not for loan Home library Current library Date acquired Source of acquisition Inventory number Total Checkouts Full call number Barcode Date last seen Price effective from Koha item type
    Other/Generic Classification Scheme     MUST Main Library MUST Main Library 15/08/2016   2006/27119   WB 50 L51a 1996 2016-3628 15/08/2016 15/08/2016 Open Shelf
    Dewey Decimal Classification     MUST Main Library MUST Main Library 31/08/2016   03/18390   WB 50 L51a 1996 2016-3959 31/08/2016 31/08/2016 Open Shelf